Exclamation! Quiz Stats

Quiz Updated Feb 4, 2016

Challenge
Share
Tweet
Embed
Score 0/30 Timer 06:00
0 Plays Today
Hint Thing % Correct
It's the third most visited website in America and the worldYahoo!
71.4%
This is the game show that has won the most Emmy awards...Jeopardy!
55.4%
Parker Brothers board game that's been bumping you back to start since 1934Sorry!
50.4%
This British duo sang 'Wake Me Up Before You Go-Go', inspired by a misspelled noteWham!
49%
This hit song popularized the phrase 'Shake it like a Polaroid picture!'Hey Ya!
48.4%
...and the first in this one is 'Oh What A Beautiful Mornin''Oklahoma!
46.6%
It's a Beatles album... and movie... and #1 singleHelp!
43.5%
Tim Burton's B-movie parody about a comedic alien invasionMars Attacks!
40.9%
Leslie Nielsen starred in this wacky slapstick comedy...Airplane!
39.4%
Sing along to this TV show's educational songs, like 'I'm Just a Bill'Schoolhouse Rock!
39%
You've got a 98.75% chance of receiving this kids' book when you graduateOh, the Places You'll Go!
28.1%
...and in this one, eight years laterThe Naked Gun: From the Files of Police Squad!
25.4%
This band debuted in 2005 with the album 'A Fever You Can't Sweat Out'Panic! At The Disco
24.6%
Codewords used in the Pearl Harbour attack, or a movie about the eventTora! Tora! Tora!
23%
This Nintendo fighting game offered players a chance to K.O. Mike TysonPunch-Out!!
20.3%
Hint Thing % Correct
The first number in this famous musical is 'I Have a Dream'...Mamma Mia!
16.8%
I'd Do Anything to stop this film picking 2001's pocket as Best Picture 1968Oliver!
16.8%
Likely the only film where a prostitute sings 'Silly Love Songs' on an elephantMoulin Rouge!
15.3%
A simpler way of saying 3,628,80010!
14.7%
Soderbergh film in which Matt Damon steals millions (but not from a casino)The Informant!
13.4%
Manga about the 'King of Games'; more specifically, 'Duel Monsters'Yu-Gi-Oh!
12.8%
It only takes a moment to remember that this is Wall-E's favourite filmHello, Dolly!
10.4%
...and this one stars a vine-swinging treasure hunter called HarryPitfall!
9.8%
Franchise that began as a newspaper panel and now owns 35 museumsRipley's Believe It or Not!
7.6%
Acclaimed documentary about a Canadian heavy metal bandAnvil! The Story of Anvil
6.3%
This reality TV show's title consists of a lie and an urgent requestI'm a Celebrity... Get Me Out of Here!
4.9%
Hunter-gatherers of the Kalahari, famed for their unusual language!Kung
4.4%
...and this is the name of its famous theme tune.Think!
3.1%
This video game stars a wisecracking alien named Cryptosporidium-137...Destroy All Humans!
2.8%
Harold (not Christopher) Lloyd dangled from a clock face in this comedy filmSafety Last!
1.5%

You're not logged in!

Compare scores with friends on all Sporcle quizzes.
Sign Up with Email
OR
Log In

You Might Also Like...

Show Comments

Extras

Top Quizzes Today


Score Distribution

Your Account Isn't Verified!

In order to create a playlist on Sporcle, you need to verify the email address you used during registration. Go to your Sporcle Settings to finish the process.